1453 1458 1173 1226 1077 1756 1839 1912 1318 1349 1207 1622 1973 1876 1914 1156 1566 1110 1907 1741 1769 1442 1594 1013 1995 1911 1801 1334 1290 1954 1909 1570 1724 1214 1016 1616 1453 1392 1412 1959 1768 1607 1402 1341 1151 1896 1405 1536 1145 1760 1706 1948 1434 1206 1746 1252 1034 1081 1801 1129 1718 1013 1491 1251 1299 1799 1388 1164 1085 1668 1535 1345 1779 1005 1849 1533 1159 1689 1095 1286 1953 1400 1831 1161 1935 1748 1749 1038 1519 1108 1179 1935 1186 1989 1564 1676 1360 1856 1640 BCNSPRNW ULIB Ver.6.0+V

เปลี่ยนเป็นภาษาไทย

Change to English
 แสดงรายละเอียดบรรณานุกรม
  กลับหน้าหลัก

Brief Record : Get Marc (ISO 2709) : E-mail record : QR code < ปิดหน้าต่าง
LEADER : 00000nam 2200000uu 4500
001    13399125302
003     ULIB
008    170404s2559||||th 000 0 tha d
020    ^a9786169258704
060  4 ^aWS280^bอ416c
245 00 ^acommon pediatric respiratory diseases 2016 /^cอรุณวรรณ พฤทธิพันธุ์ ... [และคนอื่น ๆ] บรรณาธิการ
250    ^aพิมพ์ครั้งที่ 1
260    ^aกรุงเทพฯ :^bสมาคมโรคระบบหายใจและเวชบำบัดวิกฤตในเด็ก,^c2559
300    ^ax, 318 หน้า :^bภาพประกอบ
505 0  ^a... Rational Use of Antibiotics in Respiratory Infections ... Extreme Obesity Impact on Respiration ... Perioperative Management for Obese Children ... Extreme Obesity Nutritional Management ... Update in ARDS ... Infection Asthma and Bronchial Hyperresponsiveness ... Childhood Tuberculosis WHO New Recommendations ... Up-to-Date on GINA Guidelines for Asthmatic children ... Current Best Practice for Respiratory Viral Testings ... Asthma Management in Acute Setting ... Asthma Long term Management ... Tracheobronchial foreign bodies Diagnosis and Treatment ... Chylothorax ... Respiratory Care in Children with Neuromuscular Weakness ... Humidity Therapy for Mechanical Ventilated Patients ... Aerosol Therapy in Mechanically Ventilated patients ... Endotracheal Tube care strap cuff and Suction ... Respiratory care in Asthmatic Children ... What you Should know About PALS 2015 ... Bronchodilator Non Responded Wheezing diagnosis and Treatment ... Medical Management of Bronchoplmonary dysplasia ... Practical Approach for GERD Related Respiratory Complications ... Safe sedation for Pediatric Procedures ... Assessment of Stridor in Neonate Toung children ... Noninvasive Mechanical Ventilation in Acute Respiratory failure ... Noninvasive Mechanical Ventilation in Chronic Respiratory failure ... Surgical Management in children with OSA ... Nonsurgical Management in Children with OSA ... Stress and Strain during Mechanical Ventilation Clinical Application in ARDS ... Procalcitonin in Respiratory Critical Care ... Role of Neuromuscular Blocking Agents in the PICU basic principles ... Role of Neuromuscular Blocking Agents in pediatric Intensive care Unit Clinical Applications
650  7 ^aทางเดินหายใจ^xโรค^xในวัยทารกและเด็ก^xการรักษา
650  7 ^aภาวะฉุกเฉิน^xในวัยทารกและเด็ก
650  7 ^aการดูแลขั้นวิกฤต^xในวัยทารกและเด็ก
700 0  ^aอรุณวรรณ พฤทธิพันธุ์,^eบรรณาธิการ
700 0  ^aพนิดา ศรีสันต์,^eบรรณาธิการ
700 0  ^aกวีวรรณ ลิ้มประยูร,^eบรรณาธิการ
700 0  ^aสนิตรา ศิริธางกุล,^eบรรณาธิการ
710 2  ^aสมาคมโรคระบบหายใจและเวชบำบัดวิกฤตในเด็ก
945    ^p0^l0^i001860
945    ^p0^l0^i001861
945    ^p0^l0^i001862
999    ^aวรรณษา ชูชัยมงคล
รายการนี้ยังไม่มีแท็ก
คุณยังไม่ได้ล็อกอิน คุณสามารถมีกิจกรรมร่วมกับเว็บไซต์ได้ แต่ต้องล็อกอินก่อน ::
  ล็อกอิน

รายการสื่อสารสนเทศ

ลำดับที่ ประเภท เลขเรียก/บาร์โค้ด สถานที่ สถานะ
1. วิทยาศาสตร์การแพทย์ และสุขภาพ
วิทยาศาสตร์การแพทย์ และสุขภาพ
สถานะ=หนังสือเก่า
WS280 อ416c ฉ.1 
  Barcode: 001860
ห้องสมุดวิทยาเขตสวรรค์ประชารักษ์
►ส่วนจัดเก็บหนังสือเก่า สปร
บนชั้น
  ขอยืม
2. วิทยาศาสตร์การแพทย์ และสุขภาพ
วิทยาศาสตร์การแพทย์ และสุขภาพ
สถานะ=หนังสือเก่า
WS280 อ416c ฉ.2 
  Barcode: 001861
ห้องสมุดวิทยาเขตสวรรค์ประชารักษ์
►ส่วนจัดเก็บหนังสือเก่า สปร
บนชั้น
  ขอยืม
3. วิทยาศาสตร์การแพทย์ และสุขภาพ
วิทยาศาสตร์การแพทย์ และสุขภาพ
สถานะ=หนังสือเก่า
WS280 อ416c ฉ.3 
  Barcode: 001862
ห้องสมุดวิทยาเขตสวรรค์ประชารักษ์
►ส่วนจัดเก็บหนังสือเก่า สปร
บนชั้น
  ขอยืม

BibComment


ยังไม่เคยถูกคอมเมนท์

คอมเมนท์ทรัพยากรรายการนี้
  คอมเมนท์: common pediatric..


 Copyright 2026. Bcnsprnw @Library